Environmental policy in Europe : industry, competition and policy process
Αποθηκεύτηκε σε:
| Άλλοι συγγραφείς: | |
|---|---|
| Μορφή: | Βιβλίο |
| Γλώσσα: | English |
| Δημοσίευση: |
Cheltenham :
Edward Elgar,
c1996
|
| Θέματα: | |
| Ετικέτες: |
Προσθήκη ετικέτας
Δεν υπάρχουν, Καταχωρήστε ετικέτα πρώτοι!
|
MARC
| LEADER | 00000nam a2200000 i 4500 | ||
|---|---|---|---|
| 001 | 1/16966 | ||
| 008 | 980827s1996 eng d | ||
| 020 | |a 1-85898-466-1 | ||
| 035 | |l 10020387 | ||
| 040 | |a GR-MY-UA |b gre |e aacr | ||
| 041 | 0 | |a eng | |
| 082 | 0 | |a 363.70094 | |
| 245 | 1 | 0 | |a Environmental policy in Europe : |b industry, competition and policy process / |c Edited by Francois Leveque |
| 260 | |a Cheltenham : |b Edward Elgar, |c c1996 | ||
| 300 | |a 218 p. |b fig.; tabl. | ||
| 504 | |a Includes bibliographical references and index | ||
| 650 | 0 | 0 | |a Environmental policy |z European Union countries. |
| 650 | 0 | 0 | |a Industrial policy |z European Union countries. |
| 700 | 1 | |a Leveque, Francois. |4 edt | |
| 852 | |a INST |b LESVOS |e 19980827 |h 363.70094 ENV |p 005100013020 |q 005100013020 |t BK |y 0 | ||
| 901 | |a BIBL-1998-3 | ||
| 909 | |a Λ |b 059006 | ||
| 922 | |a 1ΕΛΗ |b 199808 |c ΚΠΣ/ΤΠ |d ΠΑΠΑΣΩΤΗΡΙΟΥ | ||
| 950 | |a 107-1998-05-21 | ||